000 00392cam a22001097a 4500
008 180718b1977 xxu||||| |||| 00| 0 eng d
082 _aJ71x541 Si93
100 _aSivaramakrishnan, K.C.
245 _aNew towns in India: a report on a study of selected new towns in the eastern region
_cby K.C. Sivaramakrishnan
260 _aCalcutta
_bIndian Institute Of Management
_c1977
300 _aiii, 168p
999 _c410779
_d410779